Globalism's Discontents /

Salvato in:
Dettagli Bibliografici
Autore principale: Stiglitz, Joseph E.
Altri autori: ed. Boli, John ed
Natura: testo
Lingua:Spanish
Pubblicazione: Blackwell Publishing
Edizione:2
Soggetti:
Tags: Aggiungi Tag
Nessun Tag, puoi essere il primo ad aggiungerne!!

MARC

LEADER 00000 a a2200000 04500
001 37470
003 cru IIS
005 20230314155022.0
008 230314b |||||||| |||| 00| 0 spa d
020 |a 978-1-4051-0279-7  
040 |c cru IIS  |d cru IIS 
090 |a 0001 L471g  
100 1 |a Stiglitz, Joseph E.  |9 11034 
245 |a Globalism's Discontents /  |c Joseph E. Stiglitz 
250 |a 2  
260 |a Blackwell Publishing  
300 |a 200-207 p.  
650 0 |a GLOBALIZACION  |9 388 
700 |a ed.   |a Boli, John   |a ed.  
942 |2 ddc  |c LI 
999 |c 44815  |d 44815 
773 0 |0 2864  |9 8439  |a Lechner, Frank J.   |b 2   |d Blackwell Publishing 2000  |o 04530  |t The Globalization: reader /  |w (cru IIS)37463  |z 978-1-4051-0279-7